Las asimetrías de los mercados y la evaluación de proyectos en las multinacionales (Record no. 169076)
[ view plain ]
| 000 -CABECERA | |
|---|---|
| campo de control de longitud fija | 00831nab a2200229 a 4500 |
| 005 - FECHA Y HORA DE LA ÚLTIMA TRANSACCIÓN | |
| campo de control | 20210219162048.0 |
| 008 - ELEMENTOS DE LONGITUD FIJA--INFORMACIÓN GENERAL | |
| campo de control de longitud fija | 991125s1985 mx 000 0 spa u |
| 035 ## - NÚMERO DE CONTROL DEL SISTEMA | |
| Número de control de sistema | UPN01000196975 |
| 100 1# - ASIENTO PRINCIPAL--NOMBRE PERSONAL | |
| Nombre de persona | Mosqueda Almanza, Rubén M. |
| 222 ## - TÍTULO CLAVE | |
| Título clave | ARGUMENTOS : |
| Información calificativa | ESTUDIOS CRITICOS DE LA SOCIEDAD |
| 245 ## - MENCIÓN DE TÍTULO | |
| Título | Las asimetrías de los mercados y la evaluación de proyectos en las multinacionales |
| 260 ## - PUBLICACIÓN, DISTRIBUCIÓN, ETC. | |
| Lugar de publicación, distribución, etc. | México |
| 300 ## - DESCRIPCIÓN FÍSICA | |
| Extensión | 215-244 |
| 362 0# - FECHAS DE PUBLICACIÓN Y/O DESIGNACIÓN SECUENCIAL | |
| Fecha de publicación y/o designación secuencial | 2010 Año 23, no. 63, may.-ago. |
| 653 0# - TERMINO DE INDIZACION - NO CONTROLADO | |
| Término no controlado | EVALUACION DE PROYECTOS |
| 653 0# - TERMINO DE INDIZACION - NO CONTROLADO | |
| Término no controlado | EMPRESAS TRANSNACIONALES |
| 653 0# - TERMINO DE INDIZACION - NO CONTROLADO | |
| Término no controlado | ASIMETRIAS DE MERCADOS |
| 653 0# - TERMINO DE INDIZACION - NO CONTROLADO | |
| Término no controlado | CAPITAL DE RIESGO |
| 700 1# - ASIENTO SECUNDARIO--NOMBRE DE PERSONAL | |
| Nombre de persona | Martínez Turrubiates, Armando, |
| Término indicativo de función/relación | coaut. |
| 856 ## - LOCALIZACIÓN Y ACCESO ELECTRÓNICOS | |
| Nombre del host | http://www.scielo.org.mx/scielo.php?script=sci_arttext&pid=S0187-57952010000200009&lng=es&nrm=iso&tlng=es |
| 905 ## - TIPO DE MATERIAL | |
| Tipo de material | Articulo |
No items available.
